000 00307nam a2200133 i 4500
001 bg
100 1 _aKUŹNIAR, W.
245 0 _aPodstawy metrologii elektrycznej /
_cW. Kuźniar.
260 _aGdynia,
_c1982.
040 _cBPK
041 _apol
942 _cKS
008 s pl f |000 0 pol
999 _c22131
_d22131
856 _uhttp://koha.tu.koszalin.pl/cgi-bin/koha/opac-detail.pl?biblionumber=22131
_yKatalog online BPK